000 01332cam a2200361 a 4500
001 4000615
003 OSt
005 20140310182016.0
008 961203s1998 nyu c 000 1 eng
010 _a 96049280
020 _a0439099048
040 _aDLC
_cDLC
_dDLC
_dOCoLC
_dDLC
042 _alcac
043 _ae-xo---
050 0 0 _aPZ 7
_b.W784 1998
100 1 _aWinter, Kathryn.
_96592
245 1 0 _aKatarĂ­na :
_ba novel /
_cKathryn Winter.
250 _a1st ed.
260 _aNew York :
_bFarrar Straus Giroux,
_c1998.
300 _a255 p. ;
_c22 cm.
520 _aDuring World War II in Slovakia, a young Jewish girl in hiding becomes a devout Catholic and is sustained by her belief that she will return home to her family as soon as the war ends.
541 _j1
541 _j2
562 _e2
650 0 _aWorld War, 1939-1945
_zSlovakia
_xJuvenile fiction.
_96593
650 1 _aWorld War, 1939-1945
_zSlovakia
_xFiction.
_96594
650 1 _aJews
_zSlovakia
_xFiction.
_96595
650 1 _aOrphans
_xFiction.
_96596
651 1 _aSlovakia
_xHistory
_y1918-1945
_xFiction.
_96597
906 _a7
_bcbc
_corignew
_d1
_eocip
_f19
_gy-gencatlg
942 _2lcc
_cBK-KF
_kKF
999 _c8249
_d8249